|
|
|
|
| LEADER |
00000nab a2200000 a 4500 |
| 001 |
vtls000643383 |
| 003 |
SK-MaSNL |
| 005 |
20260303220728.0 |
| 008 |
140422c1997 xo 0 slo |
| 015 |
|
|
|a SNBRB19rr/mm-uuuuu
|
| 035 |
|
|
|a CL0643522
|
| 040 |
|
|
|a SNKBUCL
|b slo
|c SNKBUCL
|e AACR2
|
| 041 |
0 |
|
|a slo
|
| 044 |
|
|
|a xo
|c SK
|
| 080 |
|
|
|a 82.09:885.4-1(048)
|2 1981
|
| 080 |
|
|
|a 885.4-1(048)
|2 1981
|
| 100 |
1 |
|
|a Hajko, Dalimír,
|d 1944-
|4 aut
|9 106405
|
| 245 |
1 |
0 |
|a Zima v duši
|c Dalimír Hajko
|
| 650 |
0 |
7 |
|a slovenská poézia
|2 snkbucl
|9 215422
|
| 655 |
|
7 |
|a články z novín a časopisov
|2 snkbucl
|9 267496
|
| 655 |
|
7 |
|a recenzie
|2 snkbucl
|9 21907
|
| 773 |
0 |
|
|t Literárny týždenník
|g Roč. 10, č. 45 (1997), s. 6
|x 0862-5999
|
| 787 |
0 |
8 |
|i Rec.:
|a Kováč, Mikuláš
|t Pravdaže srdcom
|d Banská Bystrica : Literárne a hudobné múzeum, 1997
|
| 850 |
|
|
|a Slovenská národná knižnica v Martine
|a MTA001
|
| 852 |
|
|
|a SNK
|b KIS3GCP
|
| 958 |
|
|
|a LX
|
| 958 |
|
|
|a SK
|
| 958 |
|
|
|a RK
|
| 992 |
|
|
|a RBX
|
| 999 |
|
|
|c 2228613
|d 2230543
|